Foreign Exchange Consensus Forecasts (Record no. 5771)

MARC details
000 -LEADER
fixed length control field 00525nas a22001937i 4500
001 - CONTROL NUMBER
control field 6130
003 - CONTROL NUMBER IDENTIFIER
control field OSt
005 - DATE AND TIME OF LATEST TRANSACTION
control field 20170126082352.0
007 - PHYSICAL DESCRIPTION FIXED FIELD--GENERAL INFORMATION
fixed length control field tu
008 - FIXED-LENGTH DATA ELEMENTS--GENERAL INFORMATION
fixed length control field 161220s xxu||||| |||| 00| 0 d
024 7# - OTHER STANDARD IDENTIFIER
Standard number or code 6130
Source of number or code RID
024 7# - OTHER STANDARD IDENTIFIER
Standard number or code 6130
Source of number or code RSN (alt)
040 ## - CATALOGING SOURCE
Transcribing agency OSt
100 1# - MAIN ENTRY--PERSONAL NAME
Personal name Hubbard, Philip M.
Relator term Ed.
245 00 - TITLE STATEMENT
Title Foreign Exchange Consensus Forecasts
Remainder of title A Digest of Financial Forecasts
260 ## - PUBLICATION, DISTRIBUTION, ETC.
Place of publication, distribution, etc. London :
Name of publisher, distributor, etc. Consensus Economics Inc.
856 ## - ELECTRONIC LOCATION AND ACCESS
Uniform Resource Identifier <a href="http://www.consensuseconomics.com">http://www.consensuseconomics.com</a>
866 #0 - TEXTUAL HOLDINGS--BASIC BIBLIOGRAPHIC UNIT
-- laufender Jahrgang + 2 vorige
942 ## - ADDED ENTRY ELEMENTS (KOHA)
Koha item type Journal

No items available.

The Vienna Instiute for International Economic Studies (wiiw)